000 00981nam a2200241 a 4500
001 000242461
003 AM-YEHGA
005 20250618075419.0
008 030702s1950 ai r 000 0 arm d
040 _aAM-YeHGA
041 0 _aarm
100 1 _aՍունդուկյան, Գաբրիել Մկրտումի,
_d1825-1912
_91589
245 1 0 _aՊեպո :
_bԿատակերգ. 3-ք արարվածով /
_cԳ. Սունդուկյան; Խմբ.՝ Ռ. Զարյան; Առաջաբ.՝ Եղ. Պետրոսյան.
246 1 5 _aПэпо
260 _aԵրևան :
_bՀայպետհրատ,
_c1950.
300 _a164 էջ :
_bնկ. ;
_c23 սմ.
500 _aԾանոթագր., էջ՝ 153-163
650 1 4 _aՀայ գրականություն
_xԹատերգություն
700 1 _aԶարյան, Ռուբեն Վարոսի,
_d1909-1994
_eխմբ.
_4edt
_91691
700 1 _aՊետրոսյան, Եղիշե Մանուկի,
_d1912-1982
_eառաջաբ.
_4aui
_91402
942 _2udc
_cBK
090 _c464808
999 _c461667
_d461667